00892 2200289 4500001002100000005001500021035002000036007000300056008003900059020001600098082001000114084001600124100001800140245011000158250001400268260003900282300003700321500001100358650004700369650004700416650004200463700001700505990002000522990002000542990002000562990002000582INLIS00000000000347120221223091746 a0010-1222000047ta221223 | | |  a979534391-2 a500.5 a500.5 SAR c0 aSarah Angliss1 aCatatan Masa Depan Kota Di Angkasa :bPanduan Bagi Pemula Tentang Hidup di Ruang Angkasa /cSarah Angliss aCet. 1,-- aBandung. :bPT. Pakar Raya,c2007. a32 Hlm. :bilus. ;c21 x 29,5 cm aIndeks aAlih bahasa, Zubaidah Nur Ami, S.Farm, Apt aPenyunting Bahasa, Imdri Yuli Astuti, S.Pd aPenyunting Materi, Ir. Rudiyanto. M.A0 aColin Uttley a12521/P/Bl/2016 a12523/P/Bl/2016 a12523/P/Bl/2016 a12521/P/Bl/2016